000
00264nam a22000977a 4500
100
_a
Chatterjeee,Dr. Madhuchhanda
_9
79675
245
_a
Three Farceure Tagore, Chekhov,Wilde
260
_a
Kolkata
_b
Drima Donna Pub.
_c
2016
650
_a
Children Book
_9
79676
942
_c
BK
999
_c
63300
_d
63300